000 00806nam a22002057a 4500
999 _c194517
_d194517
005 20230504112327.0
010 _aB-748088-092 E.N.A./7.11.22
020 _a9789388438391
_c585.00
035 _aB-748088-092
037 _bPragati Prakashan
082 _a510
100 _aRajput, Balwant Singh
245 _aElementary Mathematical Physics/
_cBalwant Singh Rajput and Manu Pratap Singh
260 _aMeerut
_bPragati Prakashan
_c2022
270 _aPragati Bhawan 240, W.K. Road
_bMeerut
_e250001
300 _a816p.
_c24cm(pbk)
700 _aManu Pratap Singh
942 _2ddc
_cEN
_mRAJ
_h510